| 000 -LEADER |
| fixed length control field |
00691nam a22001217a 4500 |
| 040 ## - CATALOGING SOURCE |
| Transcribing agency |
RUA |
| 082 ## - DEWEY DECIMAL CLASSIFICATION NUMBER |
| Classification number |
VEM PHO 2014 B435 O.1 |
| 100 ## - MAIN ENTRY--AUTHOR NAME |
| Personal name |
PHOUNG KOMPHEAK; ភួង កុម្ភៈ |
| 245 ## - TITLE STATEMENT |
| Title |
Study on gastrointestinal parasites in pigs in borsedth district, kampong speu province, ការសិក្សាពីកម្រិតរាលដាលបរាសិតក្នុងក្រពះពោះវៀនជ្រូក នៅក្នុងស្រុកបរសេដ្ឋ ខេត្តកំពង់ស្ពឺ |
| 300 ## - PHYSICAL DESCRIPTION |
| Number of Pages |
x,46p. |
| Other physical details |
ill. |
| Dimensions |
29cm. |
| 856 ## - ELECTRONIC LOCATION AND ACCESS |
| Uniform Resource Identifier |
https://drive.google.com/file/d/17dXngyXZsJARswHP7NkFmnyRgs9m5UUy/view?usp=sharing |
| 942 ## - ADDED ENTRY ELEMENTS (KOHA) |
| Koha item type |
VEM |
| 952 ## - LOCATION AND ITEM INFORMATION (KOHA) |
| Withdrawn status [LOCAL, KOHA] |
0 |
| 952 ## - LOCATION AND ITEM INFORMATION (KOHA) |
| Withdrawn status [LOCAL, KOHA] |
0 |
| 952 ## - LOCATION AND ITEM INFORMATION (KOHA) |
| Withdrawn status [LOCAL, KOHA] |
0 |
| 952 ## - LOCATION AND ITEM INFORMATION (KOHA) |
| Withdrawn status [LOCAL, KOHA] |
0 |
| 952 ## - LOCATION AND ITEM INFORMATION (KOHA) |
| Withdrawn status [LOCAL, KOHA] |
0 |
| 952 ## - LOCATION AND ITEM INFORMATION (KOHA) |
| Withdrawn status [LOCAL, KOHA] |
0 |
| 952 ## - LOCATION AND ITEM INFORMATION (KOHA) |
| Withdrawn status [LOCAL, KOHA] |
0 |
| 952 ## - LOCATION AND ITEM INFORMATION (KOHA) |
| Withdrawn status [LOCAL, KOHA] |
0 |